Podział administracyjny Hiszpanii - Statystyki

Ogólne statystyki
  • Ten quiz został rozwiązany 261 razy
  • Średni wynik to 10 z 16
Statystyki odpowiedzi
Hint Odpowiedź % Poprawnych
Wspólnota Katalonia
92%
Wspólnota Andaluzja
84%
Wspólnota Madryt
82%
Wspólnota Kraj Basków
79%
Wspólnota Walencja
76%
Wspólnota Galicja
74%
Wspólnota Kastylia i león
71%
Wspólnota Aragonia
67%
Wspólnota Murcja
59%
Wspólnota Baleary
55%
Wspólnota Asturia
49%
Wspólnota Kastylia-la Mancha
49%
Wspólnota Nawarra
43%
Wspólnota La Rioja
41%
Wspólnota Estremadura
37%
Wspólnota Kantabria
35%
Nie znaleziono quizów pasujących do podanych kryteriów
Rozkład punktacji
Procent ludzi z każdym wynikiem
Percentyl według liczby udzielonych odpowiedzi
Twoja historia wyników
Nie rozwiązałeś tego quizu